Music Quiz

Random Music or Rock Quiz

Catfish and the Bottlemen Lyrics - Hourglass Quiz Stats

 Plays Quiz not verified by Sporcle

Challenge
Share
Tweet
Embed
Score 0/155 Timer 06:00
0 Plays Today
Hourglass % Correct
You
99.5%
I
99.5%
you
99.5%
I
99.5%
I
99.5%
I
99.5%
you
99.5%
you
99.5%
I
99.5%
you
99.5%
I
99.5%
you
99.5%
I
99.5%
you
99.5%
you
99.5%
I
99.5%
I
99.5%
i
99.5%
you
99.5%
I
99.5%
I
99.5%
know
98.7%
the
98.7%
know
98.7%
know
98.7%
a
98.7%
know
98.7%
the
98.7%
know
98.7%
the
98.7%
the
98.7%
all
97.9%
your
97.9%
your
97.9%
all
97.9%
all
97.9%
your
97.9%
all
97.9%
your
97.9%
me
97.4%
time
97.4%
And
97.4%
And
97.4%
me
97.4%
me
97.4%
me
97.4%
And
97.4%
And
97.4%
And
97.4%
of
97.1%
of
97.1%
I'm
96.6%
Hourglass % Correct
I'm
96.6%
im
96.6%
I'm
96.6%
so
96.3%
when
96.3%
when
96.3%
you're
96.1%
you're
96.1%
you're
96.1%
****
95.8%
my
95.8%
my
95.8%
my
95.8%
my
95.8%
my
95.8%
call
95.5%
at
95.3%
night
95.3%
Dreams
95.3%
struggle
95%
up
95%
wanna
95%
up
95%
up
95%
wanna
95%
wanna
95%
up
95%
wanna
95%
wanna
95%
bring
93.9%
home
93.9%
myself
93.9%
Bring
93.9%
home
93.9%
myself
93.9%
bring
93.9%
home
93.9%
myself
93.9%
Bring
93.9%
home
93.9%
myself
93.9%
like
93.7%
wife
93.7%
gone
93.2%
****
92.9%
phones
92.1%
not
92.1%
craving
91.6%
soldiers
90.3%
impatient
90.3%
mine
89.2%
tied
88.9%
Hourglass % Correct
to
87.9%
to
87.9%
want
87.4%
just
86.6%
children
86.3%
stupid
86.3%
sorry
86.1%
them
85.8%
****
85.3%
calls
85%
Cause
85%
Cause
85%
carry
84.5%
catch
83.9%
on
83.9%
lost
83.9%
is
83.4%
ever
83.2%
say
81.6%
really
81.6%
in
81.1%
love
81.1%
love
81.1%
wall
80.5%
wall
80.5%
drive
80.3%
drive
80.3%
Come
78.7%
back
78.2%
sound
77.6%
Cause
76.3%
times
75.5%
infect
73.4%
if
73.2%
place
70.8%
Chest
70.8%
I'll
70%
I'll
70%
kiss
68.9%
mess
68.4%
shower
67.1%
move
66.3%
Share
66.3%
name
65.8%
waste
65.5%
frame
63.9%
take
62.4%
sordid
60.5%
days
60.3%
hand
55.3%
Offer
43.9%

You're not logged in!

Compare scores with friends on all Sporcle quizzes.
Join for Free
OR
Log In

You Might Also Like...

Show Comments

Extras

Created Jan 28, 2016ReportNominate
Tags:Rock Quiz, indie

Top Quizzes Today


Score Distribution

Your Account Isn't Verified!

In order to create a playlist on Sporcle, you need to verify the email address you used during registration. Go to your Sporcle Settings to finish the process.

Report this User

Report this user for behavior that violates our Community Guidelines.

Details: